Engaged observer : anthropology, advocacy, and activism
Αποθηκεύτηκε σε:
| Άλλοι συγγραφείς: | , , |
|---|---|
| Μορφή: | Βιβλίο |
| Γλώσσα: | English |
| Δημοσίευση: |
New Brunswick, N.J. :
Rutgers University Press,
c2006
|
| Θέματα: | |
| Ετικέτες: |
Προσθήκη ετικέτας
Δεν υπάρχουν, Καταχωρήστε ετικέτα πρώτοι!
|
MARC
| LEADER | 00000cam a2200000 i 4500 | ||
|---|---|---|---|
| 001 | 1/4438 | ||
| 008 | 100211s2006 eng d | ||
| 020 | |a 978-0-8135-3892-1 (pbk.) | ||
| 020 | |a 0-8135-3892-0 | ||
| 035 | |l 10106771 | ||
| 040 | |a GR-MY-UA |b gre |e aacr | ||
| 041 | 0 | |a eng | |
| 082 | 0 | |a 301.01 |2 (22) | |
| 245 | 1 | 0 | |a Engaged observer : |b anthropology, advocacy, and activism / |c edited by Victoria Sanford and Asale Angel-Ajani ; foreword by Philippe Bourgois |
| 260 | |a New Brunswick, N.J. : |b Rutgers University Press, |c c2006 | ||
| 300 | |a xii, 254 σ.; |c 23 εκ. | ||
| 504 | |a Περιέχει βιβλιογραφικές παραπομπές και ευρετήριο | ||
| 650 | 0 | 0 | |a Anthropology |x Philosophy. |
| 650 | 0 | 0 | |a Political anthropology. |
| 650 | 0 | 0 | |a Anthropological ethics. |
| 650 | 0 | 0 | |a Social conflict. |
| 650 | 0 | 0 | |a Violence. |
| 650 | 0 | 0 | |a Social advocacy. |
| 650 | 0 | 0 | |a Social justice. |
| 700 | 1 | |a Sanford, Victoria. |4 edt | |
| 700 | 1 | |a Angel-Ajani, Asale. |4 edt | |
| 700 | 1 | |a Bourgois, Philippe I., |d 1956- |4 aui | |
| 852 | |a INST |b LESVOS |e 20100211 |h 301.01 ENG |p 005100045764 |q 005100045764 |t BK |y 0 | ||
| 901 | |a BIBL1-2010-1 | ||
| 909 | |a Λ |b 162739 | ||
| 970 | |a ΓΙΑΛΑΜΑ |b ΜΑΡΙΑ |z 2010/02/11 | ||